Quizzes
Events
Quiz Creation
Community
Videos
Private Events
Remove Ads
Sign In
Join for FREE
Feedback
Dark Mode
Quiz Categories
Sports
Geography
Music
Movies
Television
Just For Fun
Miscellaneous
History
Literature
Language
Science
Gaming
Entertainment
Religion
Holiday
For Kids
Quiz Lab
Recent
Popular Today
Quiz Kudos Today
Editor Picks
Curator Picks
Quizzes by...
Day
Popularity
Type
Ratings
Length
Year
Community
Subscriptions
Recent Discussions
Orange Saloon
Badges
Playlists
Quests
Create
Leaderboards
Showdown
Live 5
Trivia Bingo
Activity
Puzzle Library
Sporcle Events
Private Events
Virtual Trivia
Globe League
Become a Host
Pub Owners
SporcleCon
Opinionation
Our Games
Videos
Blog
Mobile Apps
Partnerships
Remove Ads and Go Orange
Feedback
Sports
Athletes
MLB
NBA
NHL
NFL
Soccer
Sports Teams
WWE
NCAA
Football
Premier League
Basketball
Baseball
Hockey
Golf
Tennis
Cricket
Rugby
Auto Racing
Olympics
World Cup
Sports
Athletes
MLB
NBA
NHL
NFL
Soccer
Sports Teams
WWE
NCAA
Football
Premier League
Basketball
Baseball
Hockey
Golf
Tennis
Cricket
Rugby
Auto Racing
Olympics
World Cup
Random Quiz
Search Sporcle
×
Quiz Lab
Quiz Lab
Sports
MLB
Type in answers that appear in a list
Type in answers that appear in a list
Classic
Best Score? Go Orange.
ESPN BBTN 2015 Top 100 Players Stats
Can you name the ESPN BBTN 2015 Top 100 Players?
By
utahutes
10m
100 Questions
1,848 Plays
1,848 Plays
1,848 Plays
Comments
Comments
Give Quiz Kudos
Give Quiz Kudos
-
- Ratings
hide this ad
Replay
Link that replays current quiz
Next Quiz
Link to next quiz in quiz playlist
You Got
0%
They Got
Avg Score
69%
Avg Friend Score
Upgrade to see
Score Distribution
Jump to the score distribution portion of the page
Score
0/100
Timer
10:00
0
Plays Today
Team
Player
% Correct
Los Angeles Dodgers
Clayton Kershaw
97.9%
Los Angeles Angels
Mike Trout
97%
Seattle Mariners
Felix Hernandez
96%
Detroit Tigers
Miguel Cabrera
95.9%
Pittsburgh Pirates
Andrew McCutchen
95.5%
San Francisco Giants
Buster Posey
95.3%
Miami Marlins
Giancarlo Stanton
95.2%
Seattle Mariners
Robinson Cano
92.8%
Toronto Blue Jays
Jose Bautista
91%
Colorado Rockies
Troy Tulowitzki
90.9%
Arizona Diamondbacks
Paul Goldschmidt
90.5%
Washington Nationals
Max Scherzer
90.4%
Chicago White Sox
Chris Sale
90%
St. Louis Cardinals
Yadier Molina
88.6%
Los Angeles Dodgers
Adrian Gonzalez
87.9%
Boston Red Sox
David Ortiz
87.8%
Colorado Rockies
Carlos Gonzalez
87.7%
Washington Nationals
Stephen Strasburg
87.2%
San Francisco Giants
Madison Bumgarner
87.1%
Texas Rangers
Adrian Beltre
85.7%
Chicago White Sox
Jose Abreu
85.6%
Baltimore Orioles
Adam Jones
85.5%
Los Angeles Dodgers
Yasiel Puig
84.9%
Detroit Tigers
Justin Verlander
84.7%
Cincinnati Reds
Joey Votto
83.7%
Boston Red Sox
Dustin Pedroia
82.6%
Washington Nationals
Bryce Harper
82%
Tampa Bay Rays
Evan Longoria
81.3%
Chicago Cubs
Jon Lester
80.3%
Cincinnati Reds
Johnny Cueto
80.1%
Cincinnati Reds
Aroldis Chapman
80.1%
Houston Astros
Jose Altuve
80.1%
St. Louis Cardinals
Adam Wainwright
79.7%
Detroit Tigers
David Price
79.3%
Team
Player
% Correct
Toronto Blue Jays
Edwin Encarnacion
78%
New York Mets
Matt Harvey
77.8%
Philadelphia Phillies
Cole Hamels
77.7%
Atlanta Braves
Freddie Freeman
77.2%
Cleveland Indians
Corey Kluber
77.1%
Los Angeles Dodgers
Zack Greinke
77%
Chicago Cubs
Anthony Rizzo
76.3%
Milwaukee Brewers
Ryan Braun
76%
Atlanta Braves
Craig Kimbrel
75.7%
San Diego Padres
Matt Kemp
75.3%
Miami Marlins
Jose Fernandez
74.4%
Toronto Blue Jays
Russell Martin
73.9%
Kansas City Royals
Alex Gordon
73.6%
Toronto Blue Jays
Josh Donaldson
72.9%
Milwaukee Brewers
Carlos Gomez
72.7%
New York Mets
David Wright
71.9%
Milwaukee Brewers
Jonathan Lucroy
71.8%
Los Angeles Angels
Albert Pujols
70.3%
Baltimore Orioles
Manny Machado
69.8%
New York Yankees
Masahiro Tanaka
68.7%
Detroit Tigers
Victor Martinez
68%
New York Yankees
Jacoby Ellsbury
67.4%
St. Louis Cardinals
Matt Holliday
67.3%
San Diego Padres
James Shields
65.2%
Texas Rangers
Prince Fielder
64.7%
Boston Red Sox
Hanley Ramirez
63.5%
Washington Nationals
Ian Desmond
62.6%
San Francisco Giants
Hunter Pence
62.3%
Kansas City Royals
Wade Davis
62.1%
Detroit Tigers
Ian Kinsler
61.9%
Washington Nationals
Anthony Rendon
61.9%
Washington Nationals
Jordan Zimmermann
61.1%
Seattle Mariners
Nelson Cruz
60.9%
Toronto Blue Jays
Jose Reyes
60.5%
Team
Player
% Correct
Seattle Mariners
Kyle Seager
60.3%
Boston Red Sox
Pablo Sandoval
60.2%
Atlanta Braves
Andrelton Simmons
60%
Cleveland Indians
Michael Brantley
60%
San Diego Padres
Justin Upton
59.9%
St. Louis Cardinals
Matt Carpenter
58.5%
Kansas City Royals
Salvador Perez
58.1%
Washington Nationals
Jayson Werth
55.1%
Chicago White Sox
David Robertson
54%
Kansas City Royals
Greg Holland
53.7%
Oakland Athletics
Sonny Gray
53%
Colorado Rockies
Nolan Arenado
52.2%
Detroit Tigers
Anibal Sanchez
52.2%
Los Angeles Dodgers
Kenley Jansen
51.1%
New York Yankees
Dellin Betances
51%
Pittsburgh Pirates
Gerrit Cole
51%
New York Mets
Jacob deGrom
50.6%
St. Louis Cardinals
Jason Heyward
50.3%
Miami Marlins
Christian Yelich
47.8%
Pittsburgh Pirates
Starling Marte
47.5%
New York Yankees
Andrew Miller
47%
Washington Nationals
Doug Fister
45.9%
Cincinnati Reds
Todd Frazier
45.6%
Atlanta Braves
Julio Teheran (for some reason ESPN has him in here twice)
43.2%
Cleveland Indians
Yan Gomes
40.9%
Kansas City Royals
Yordano Ventura
40.7%
Seattle Mariners
Hisashi Iwakuma
38.1%
Cincinnati Reds
Devin Mesoraco
36.9%
Chicago White Sox
Jeff Samardzija
34.2%
Tampa Bay Rays
Alex Cobb
34.2%
Los Angeles Angels
Garrett Richards
33.2%
Detroit Tigers
Yoenis Cespedes
31.7%
Quiz Playlist
Details
Report
Send in Message
Add To Playlist
Classic:
Type in answers that appear in a list
Last Updated: Oct 16, 2018
Quiz Scoreboard
CHALLENGE
Sign Up to Join the Scoreboard
Show All
Scores
Hide
Comments
May contain spoilers
Recently Published
Presidents Visiting Landmarks
by Hejman
History
7m
An Introduction to Baseball
by treessimontrees
Sports
5m
Movies - When Are They Set?
by FPL_Elf
Movies
5m
More to Explore
Quiz From the Vault
Featured Blog Post
Where Did the Easter Bunny Come From?
hide this ad
You Might Also Like...
Tags
MLB Quiz
ESPN
MLB Player
Rankings
Top 100
Today's Top Quizzes in Sports
Browse Sports
hide this ad
Today's Top Quizzes in MLB
Browse MLB
Top Contributed Quizzes in Sports
1
Les meilleurs buteurs des matchs entre le PSG et l’OM
2
2022 World Cup Stars
3
FIFA Club World Cup Champions
4
Les entraîneurs de l'OM et du PSG au 21e siècle
5
Name the Premier League winners with different clubs
6
La finale Lions - Afrique du Sud 2021
7
England Test cricketers to play under Nasser Hussain
8
5-to-1: UK Sports Teams
9
Les joueurs passés par le LOSC et le RC Lens
10
Criteria MLB: Left Handed Sluggers
Explore More
Trending Topics
Disney
NBA
Marvel
Crossword
Anime
Kpop
Harry Potter
Puzzle
Pokémon
Soccer
Country
The Office
Song
WWE
NFL
hide this ad
More By:
utahutes
Quiz
Plays
Rating
Category
Featured
Created
Bleacher Report Top 100 NBA Players of All Time
11,075
4.25
Sports
Apr 1, 2015
Top 150 NBA 2k15 ratings
10,341
4.65
Sports
Oct 1, 2014
ESPN Top 100 MLB Players of All Time
6,835
4.25
Sports
Jul 23, 2016
ESPN #NBArank Top 10 by Position
6,649
4.36
Sports
Jan 20, 2016
NBA Nicknames
6,505
4.79
Sports
Aug 16, 2015
Go to Creator's Profile
Score Distribution
Quiz Creator Spotlight
utahutes
Follow
Send a Message
Quizzes Created
-
Created Quiz Play Count
-
More By This Creator
Popular Quizzes Today
1
Find the US States - No Outlines Minefield
2
Find the Countries of Europe - No Outlines Minefield
3
The Countries of the World
4
Popular People in 1961
5
Find the US States
6
US States
7
Risky Map Clicking: Biggest States A-Z
8
1-10 Letter E Words III
More Sports Quizzes
F1: multiple drivers' titles with Ferrari
Curator's Pick
Trending Quizzes
Risky Map Clicking: Least Populous States A-Z
1-10 Letter F Words
1-10 Letter G Words
One Thing in Common: United Kingdom
Risky Map Clicking: Next State Alphabetically
Recently Updated
Leaping Animals
pecheneg
Reality TV Shows (A-Z)
bhenderson79
Rickey Henderson's Hall of Fame Teammates
pecheneg
Champions League XIs: Arsenal
pecheneg
Quick Pick: Celebrities in WWE's Hall of Fame
aduchscher
A-Z Keypad Blitz II
pecheneg
Multiple Oscar Actors
pecheneg
Mystery Phrase Blitz: Oscar 'Best Actors'
pecheneg
F. Scott Fitzgerald Novels
LTH
Pick 3 Villains
ddd62291
Trending Topics
Kpop
Marvel
Disney
NBA
Harry Potter
Anime
Crossword
Puzzle
The Office
NFL
Country
Song
Pokémon
Soccer
WWE
Your Account Isn't Verified!
In order to create a playlist on Sporcle, you need to verify the email address you used during registration. Go to your
Sporcle Settings
to finish the process.
Report this User
Report this user for behavior that violates our
Community Guidelines
.
Details:
Send Report
Go to the Sporcle.com Mobile Site →
Comments